La rebelión de las masas /

Guardado en:
Autor Principal: Ortega y Gasset, José
Formato: Desconocido
Idioma:Spanish
Publicado: Barcelona : Plantea - De Agostini, 1993
Series:Obras maestras del pensamiento contemporáneo 29
Materias:
Etiquetas: Agregar Etiqueta
Sin Etiquetas, Sea el primero en etiquetar este registro!
LEADER 00548nac a22001695a 4500
001 DER.der003514
008 180615s1993####sp#||||||||||||||#||spa||
005 20210906090412.0
245 1 0 |a La rebelión de las masas /  |c José Ortega y Gasset 
260 |a Barcelona :  |b Plantea - De Agostini,  |c 1993 
300 |a 233 p. 
440 0 |a Obras maestras del pensamiento contemporáneo  |v 29 
020 |a 8439521979 
100 1 |a Ortega y Gasset, José 
650 7 |a SOCIOLOGIA  |2 UNBIS 
653 |a Ensayo Español 
859 |a DERECHO  |b BIB. DERECHO  |h 340.1  |i ORT  |k 1.04  |p 005221  |t 1